000
00236nam a2200097Ia 4500
001
703128
005
20250826162345.0
008
250824s9999 xx 000 0 und d
245
0
_a
MAVİ EV
_c
KAHRAMAN TAZEOĞLU
260
_b
DESTEK YAYINLARI
999
_c
703128
_d
703128